[Event "55th World U20 ch"]
[Site "Bhubaneswar IND"]
[Date "2016.08.10"]
[Round "3.4"]
[White "Aravindh, Chithambaram"]
[Black "Xu Yi"]
[Result "1/2-1/2"]
[WhiteElo "2543"]
[BlackElo "2371"]
[EventDate "2016.08.08"]
[PlyCount "145"]

1.c4 Nf6 2.Nc3 e6 3.e4 d5 4.e5 d4 5.exf6 dxc3 6.bxc3 Qxf6 7.Nf3 Nc6 8.Rb1 
Qg6 9.Rb5 a6 10.Rg5 Qe4+ 11.Be2 h6 12.Rh5 Qg6 13.g4 Qxg4 14.Ng5 Qf5 15.Rg1
Rg8 16.Nh3 Qf6 17.d4 g6 18.Nf4 Bd7 19.Nd3 O-O-O 20.c5 Bg7 21.Re5 Nxe5 22.
Nxe5 Bb5 23.a4 Qxe5 24.dxe5 Rxd1+ 25.Bxd1 Bc6 26.f4 Rd8 27.Bc2 Bf8 28.Be3 
Be7 29.Ke2 Bd5 30.Bd4 Kd7 31.a5 Bc4+ 32.Ke3 Kc8 33.Rb1 Bd5 34.Bd3 Bc6 35.
Bc2 Rg8 36.Rg1 Bh4 37.Rg4 Bd8 38.Rg1 Rh8 39.Bd3 Bd5 40.Ke2 Be7 41.Ke3 Bh4 
42.Rf1 Kd7 43.Rb1 Rg8 44.Rg1 Bc6 45.Bc2 Ke7 46.h3 Kd7 47.Rf1 Bg3 48.Rg1 
Bh2 49.Rf1 h5 50.Bd1 Bg2 51.Re1 g5 52.fxg5 h4 53.c6+ bxc6 54.Be2 c5 55.
Bxc5 Rxg5 56.Rd1+ Kc6 57.Bd4 Bxe5 58.Rg1 Rg3+ 59.Kf2 Bxd4+ 60.cxd4 Bxh3 
61.Rxg3 hxg3+ 62.Kxg3 Bf5 63.Bxa6 Bc2 64.Kf4 Ba4 65.Ke5 Bb5 66.Bxb5+ Kxb5 
67.Kf6 c5 68.a6 Kxa6 69.dxc5 Kb7 70.Kxf7 e5 71.Ke6 Kc6 72.Kxe5 Kxc5 73.Ke4
1/2-1/2

[Event "55th World U20 ch"]
[Site "Bhubaneswar IND"]
[Date "2016.08.10"]
[Round "3.5"]
[White "Ivekovic, Bozidar"]
[Black "Narayanan, Sunilduth Lyna"]
[Result "0-1"]
[WhiteElo "2351"]
[BlackElo "2515"]
[EventDate "2016.08.08"]
[PlyCount "66"]

1.d4 Nf6 2.c4 e6 3.Nf3 d5 4.Nc3 Be7 5.Bg5 h6 6.Bh4 O-O 7.e3 b6 8.Rc1 Bb7 
9.cxd5 Nxd5 10.Bxe7 Qxe7 11.Be2 Rc8 12.Ne5 Nf6 13.Bf3 c5 14.O-O Nc6 15.Nb5
a6 16.Na3 Nxe5 17.dxe5 Ne8 18.Bxb7 Qxb7 19.Qb3 b5 20.Nb1 Qe4 21.f4 c4 22.
Qa3 Rd8 23.Rf3 Rd3 24.Nc3 Qb7 25.Qb4 Rad8 26.a4 Nc7 27.axb5 axb5 28.Qc5 b4
29.Ne2 c3 30.bxc3 b3 31.Rb1 Rd1+ 32.Rf1 R1d2 33.Qc4 b2 0-1

[Event "55th World U20 ch"]
[Site "Bhubaneswar IND"]
[Date "2016.08.10"]
[Round "3.6"]
[White "Bersamina, Paulo"]
[Black "Maghsoodloo, Parham"]
[Result "1/2-1/2"]
[WhiteElo "2402"]
[BlackElo "2576"]
[EventDate "2016.08.08"]
[PlyCount "69"]

1.e4 e5 2.Nf3 Nc6 3.Bc4 Nf6 4.d4 exd4 5.e5 d5 6.Bb5 Ne4 7.Nxd4 Bd7 8.Bxc6 
bxc6 9.O-O Bc5 10.f3 Ng5 11.f4 Ne4 12.Nc3 Nxc3 13.bxc3 Qc8 14.Kh1 O-O 15.
Qe2 Re8 16.Be3 Bb6 17.h3 f6 18.exf6 gxf6 19.f5 Kh8 20.Qf2 Re4 21.Rae1 Qg8 
22.Bh6 Rae8 23.Rxe4 Rxe4 24.Re1 Rxe1+ 25.Qxe1 Bc5 26.Ne6 Bxe6 27.fxe6 Qg6 
28.e7 Bxe7 29.Qxe7 Qxh6 30.Qxc7 Qe3 31.Qxc6 Qe1+ 32.Kh2 Qe5+ 33.Kh1 Qe1+ 
34.Kh2 Qe5+ 35.Kh1 1/2-1/2

[Event "55th World U20 ch"]
[Site "Bhubaneswar IND"]
[Date "2016.08.10"]
[Round "3.7"]
[White "Nihal, Sarin"]
[Black "Svane, Rasmus"]
[Result "0-1"]
[WhiteElo "2358"]
[BlackElo "2546"]
[EventDate "2016.08.08"]
[PlyCount "178"]

1.d4 Nf6 2.c4 e6 3.Nf3 b6 4.g3 Ba6 5.b3 Bb7 6.Bg2 Bb4+ 7.Bd2 c5 8.O-O O-O 
9.Bxb4 cxb4 10.Qd3 a5 11.Nbd2 d6 12.e4 e5 13.Rfe1 Nbd7 14.Nf1 Re8 15.N3d2 
exd4 16.Qxd4 Nc5 17.f3 Ne6 18.Qf2 Nd7 19.Ne3 Qf6 20.Nd5 Bxd5 21.cxd5 Nec5 
22.Bf1 Ne5 23.Qe3 a4 24.Bb5 Rec8 25.bxa4 Nxa4 26.Bxa4 Rxa4 27.Rec1 Rc3 28.
f4 Nd7 29.e5 dxe5 30.Rxc3 bxc3 31.Ne4 Qg6 32.Nxc3 Rxf4 33.Rd1 Rc4 34.Rd2 
Qd6 35.Ne4 Qb4 36.Nf2 Rc1+ 37.Kg2 Qc4 38.Qd3 Qxd3 39.Rxd3 f5 40.g4 fxg4 
41.Ra3 Rc5 42.Nxg4 Rxd5 43.Ra7 Kf8 44.Ne3 Rd4 45.Kf3 g6 46.Ra8+ Kf7 47.Ng4
h5 48.Ne3 Rf4+ 49.Kg2 Rd4 50.Kf3 Nc5 51.Rb8 Rf4+ 52.Kg2 Ra4 53.Rxb6 Rxa2+ 
54.Kg1 Ne6 55.Nc4 Kf6 56.Ne3 Rd2 57.Ra6 g5 58.Rb6 g4 59.Ra6 e4 60.Rb6 Re2 
61.Nd5+ Ke5 62.Rxe6+ Kxd5 63.Rh6 e3 64.Rxh5+ Ke4 65.Kf1 Rf2+ 66.Ke1 Kf3 
67.Rf5+ Kg2 68.Rg5 Rf4 69.Rh5 Kf3 70.Rh8 Ra4 71.Rf8+ Kg2 72.Rh8 Ra2 73.Rg8
Kh3 74.Rh8+ Kg2 75.Rg8 Ra4 76.Rh8 Kf3 77.Rf8+ Rf4 78.Rh8 Rf5 79.Rh7 Rf8 
80.Rh6 Rf4 81.Rh8 Rf6 82.Rh7 e2 83.Re7 Ra6 84.Rf7+ Kg2 85.Rf2+ Kh3 86.Rf4 
Ra1+ 87.Kxe2 Rg1 88.Rf8 Kxh2 89.Rh8+ Kg2 0-1

[Event "55th World U20 ch"]
[Site "Bhubaneswar IND"]
[Date "2016.08.10"]
[Round "3.8"]
[White "Yuan Qingyu"]
[Black "Henriquez Villagra, Cristobal"]
[Result "1-0"]
[WhiteElo "2366"]
[BlackElo "2520"]
[EventDate "2016.08.08"]
[PlyCount "95"]

1.c4 g6 2.Nc3 Bg7 3.g3 c5 4.Nf3 Nc6 5.Bg2 Nh6 6.h4 d6 7.d3 Bg4 8.h5 Qd7 9.
Rb1 Bxf3 10.Bxf3 Nf5 11.Bd2 Be5 12.Bg4 e6 13.a3 Nfe7 14.b4 f5 15.Bf3 cxb4 
16.axb4 g5 17.Bg2 f4 18.b5 Nd4 19.g4 f3 20.Bxf3 Nxf3+ 21.exf3 h6 22.Ne2 b6
23.f4 Qb7 24.Rg1 gxf4 25.d4 Bxd4 26.Nxd4 Qe4+ 27.Ne2 f3 28.Rb3 fxe2 29.
Qxe2 Qxe2+ 30.Kxe2 d5 31.cxd5 Nxd5 32.Rc1 Kd7 33.Ra3 Rh7 34.Rca1 Kd6 35.
Rc1 Kd7 36.Rc2 Nc7 37.Rd3+ Nd5 38.Rc6 Rg8 39.f3 Rc8 40.Bxh6 Rxc6 41.bxc6+ 
Kxc6 42.Bc1 e5 43.h6 Rh8 44.g5 Ne7 45.Ke3 Rf8 46.Ba3 Nf5+ 47.Ke4 Ng3+ 48.
Kxe5 1-0

[Event "55th World U20 ch"]
[Site "Bhubaneswar IND"]
[Date "2016.08.10"]
[Round "3.9"]
[White "Xu Yinglun"]
[Black "Rajdeep, Sarkar"]
[Result "1/2-1/2"]
[WhiteElo "2516"]
[BlackElo "2351"]
[EventDate "2016.08.08"]
[PlyCount "82"]

1.d4 Nf6 2.c4 e6 3.Nc3 Bb4 4.e3 d5 5.Nf3 O-O 6.Bd2 b6 7.cxd5 exd5 8.Bd3 
Bb7 9.O-O Nbd7 10.Rc1 a6 11.Qc2 Bd6 12.e4 dxe4 13.Nxe4 Nxe4 14.Bxe4 Bxe4 
15.Qxe4 Nf6 16.Qc2 Qd7 17.Rfe1 Rfe8 18.Ne5 Qb5 19.Nc4 Rxe1+ 20.Rxe1 Bf8 
21.Ne5 Bd6 22.Bg5 Re8 23.Bxf6 gxf6 24.Nf3 Rxe1+ 25.Nxe1 Qa5 26.Qb1 Qd5 27.
Nf3 f5 28.h3 f4 29.b3 a5 30.Qe1 Kf8 31.Qe2 b5 32.Qc2 Kg8 33.Kf1 h6 34.Kg1 
Kg7 35.a4 c6 36.Nh4 Kf6 37.Qc3 Bb4 38.Qc2 Bd6 39.Nf3 Ke7 40.Qa2 Bc7 41.Qc2
Bd6 1/2-1/2

[Event "55th World U20 ch"]
[Site "Bhubaneswar IND"]
[Date "2016.08.10"]
[Round "3.10"]
[White "Karthikeyan, Murali"]
[Black "Chakravarthi Reddy, M."]
[Result "1-0"]
[WhiteElo "2514"]
[BlackElo "2228"]
[EventDate "2016.08.08"]
[PlyCount "53"]

1.e4 e6 2.d3 d5 3.Nd2 c5 4.g3 g6 5.Bg2 Bg7 6.exd5 exd5 7.Ne2 Nc6 8.O-O Nf6
9.d4 cxd4 10.Nf3 O-O 11.Nexd4 Bg4 12.h3 Bd7 13.c3 Qc8 14.Kh2 Ne4 15.Ne2 
Be6 16.Be3 h6 17.Nf4 g5 18.Nh5 f5 19.Nd4 f4 20.gxf4 Bxd4 21.Bxd4 Qc7 22.f3
Nd6 23.Re1 Nxd4 24.Qxd4 Nf5 25.Qe5 Qxe5 26.Rxe5 Bf7 27.Nf6+ 1-0

[Event "55th World U20 ch"]
[Site "Bhubaneswar IND"]
[Date "2016.08.10"]
[Round "3.11"]
[White "Harsha, Bharathakoti"]
[Black "Gholami, Aryan"]
[Result "1-0"]
[WhiteElo "2344"]
[BlackElo "2461"]
[EventDate "2016.08.08"]
[PlyCount "73"]

1.e4 c5 2.Nf3 e6 3.g3 Nc6 4.Bg2 Nf6 5.Qe2 d5 6.exd5 Nxd5 7.O-O Be7 8.Rd1 
Qb6 9.c3 Bf6 10.d3 O-O 11.Nbd2 g6 12.Nc4 Qc7 13.Bh6 Rd8 14.d4 cxd4 15.cxd4
Bd7 16.Nce5 Nce7 17.Rac1 Qb6 18.h4 Bb5 19.Qe1 Rac8 20.Ng4 Bh8 21.Bd2 Rxc1 
22.Rxc1 Qd6 23.Nh6+ Kg7 24.Ng5 Be8 25.h5 Ng8 26.Ng4 Nge7 27.Ne4 Qb6 28.
Bh6+ Kg8 29.Bg5 Bxd4 30.Nef6+ Nxf6 31.Nxf6+ Kg7 32.h6+ Kh8 33.Nxe8 Rxe8 
34.Bxe7 Qxb2 35.Rd1 Rxe7 36.Qe5+ f6 37.Qb8+ 1-0

[Event "55th World U20 ch"]
[Site "Bhubaneswar IND"]
[Date "2016.08.10"]
[Round "3.12"]
[White "Belous, Mikhail"]
[Black "Nasuta, Grzegorz"]
[Result "1/2-1/2"]
[WhiteElo "2343"]
[BlackElo "2442"]
[EventDate "2016.08.08"]
[PlyCount "87"]

1.d4 Nf6 2.c4 g6 3.Nc3 d5 4.cxd5 Nxd5 5.e4 Nxc3 6.bxc3 Bg7 7.Bc4 c5 8.Ne2 
Nc6 9.Be3 O-O 10.O-O Qc7 11.Rc1 b6 12.Qd2 Bb7 13.Bh6 Rad8 14.Qg5 Na5 15.
Bd3 f6 16.Qh4 Bxh6 17.Qxh6 e5 18.d5 c4 19.Bc2 Bc8 20.Kh1 Nb7 21.f4 Qe7 22.
Rce1 Nd6 23.Ng3 exf4 24.Qxf4 Qe5 25.Qd2 Bg4 26.Rf4 Bc8 27.Ne2 g5 28.Rff1 
Nxe4 29.Bxe4 Qxe4 30.Nf4 Qf5 31.Ne6 Rxd5 32.Qc1 Bxe6 33.Rxf5 Bxf5 34.h3 
Rf7 35.Qa3 Kg7 36.Qb4 Bd3 37.Re7 Rd7 38.Re8 Rd5 39.Re7 Rf5 40.Qd6 Rf2 41.
Rxf7+ Kxf7 42.Qd7+ Kg6 43.Qe8+ Kh6 44.g4 1/2-1/2

[Event "55th World U20 ch"]
[Site "Bhubaneswar IND"]
[Date "2016.08.10"]
[Round "3.13"]
[White "Gajwa, Ankit"]
[Black "Mosadeghpour, Masoud"]
[Result "0-1"]
[WhiteElo "2282"]
[BlackElo "2437"]
[EventDate "2016.08.08"]
[PlyCount "82"]

1.e4 c5 2.Nf3 d6 3.d4 cxd4 4.Nxd4 Nf6 5.Nc3 a6 6.Bg5 Nbd7 7.f4 Qb6 8.Qd2 
e5 9.Nf5 Qxb2 10.Rb1 Qa3 11.Be2 h6 12.Bh4 Qc5 13.Bf2 Qc6 14.O-O Nc5 15.Bf3
Bxf5 16.exf5 e4 17.Rfe1 d5 18.Rbd1 O-O-O 19.Bxe4 Nfxe4 20.Nxe4 d4 21.Nxc5 
Bxc5 22.Qd3 Rd7 23.Qe4 Rhd8 24.Rd3 Bb4 25.Re2 Qc4 26.f6 gxf6 27.c3 f5 28.
Qxf5 Bxc3 29.Rc2 Qb4 30.Rd1 d3 31.Rcc1 Kb8 32.Rb1 Qc4 33.Bh4 Qd4+ 34.Kh1 
f6 35.Rb3 d2 36.Qh3 Ba5 37.Qf5 Bc3 38.Qh3 Rc7 39.f5 Re8 40.Rbb1 Rce7 41.
Bg3+ Ka7 0-1

[Event "55th World U20 ch"]
[Site "Bhubaneswar IND"]
[Date "2016.08.10"]
[Round "3.14"]
[White "Gandhi, Anish"]
[Black "Mousavi, Seyed Khalil"]
[Result "1-0"]
[WhiteElo "2156"]
[BlackElo "2422"]
[EventDate "2016.08.08"]
[PlyCount "101"]

1.e4 e6 2.d4 d5 3.Nc3 Bb4 4.e5 c5 5.a3 Bxc3+ 6.bxc3 Ne7 7.Qg4 Qc7 8.Bd3 
cxd4 9.Ne2 dxc3 10.Qxg7 Rg8 11.Qxh7 Nd7 12.Bf4 b6 13.Nd4 a6 14.O-O Bb7 15.
Bg3 Nc5 16.Nf5 Nxd3 17.Nd6+ Kd7 18.Qxd3 a5 19.Qd4 Ba6 20.Rfe1 Qc5 21.Qf4 
Raf8 22.Rab1 Nc6 23.Rbd1 Kc7 24.h4 Qxa3 25.h5 Qb4 26.h6 Rg4 27.Qe3 Nd4 28.
h7 Rh8 29.Qh6 Rg6 30.Qh5 Ne2+ 31.Rxe2 Bxe2 32.Qxe2 b5 33.Qe3 Qb2 34.Qa7+ 
Kc6 35.Qa6+ Kc5 36.Ne4+ Kc4 37.Nd6+ Kc5 38.Nb7+ Kc4 39.Qxa5 Qxc2 40.Nd6+ 
Kb3 41.Qxb5+ Ka2 42.Qa5+ Kb2 43.Qa1+ Kb3 44.Rb1+ Qb2 45.Rxb2+ cxb2 46.Qd1+
Ka2 47.Qa4+ Kb1 48.Nb5 d4 49.Na3+ Ka2 50.Nc4+ Kb1 51.Qb3 1-0

[Event "55th World U20 ch"]
[Site "Bhubaneswar IND"]
[Date "2016.08.10"]
[Round "3.15"]
[White "Wagner, Dennis"]
[Black "Rakesh, Kumar Jena"]
[Result "1/2-1/2"]
[WhiteElo "2572"]
[BlackElo "2161"]
[EventDate "2016.08.08"]
[PlyCount "63"]

1.d4 d5 2.c4 c6 3.Nf3 Nf6 4.Nc3 a6 5.Qc2 g6 6.e4 dxe4 7.Nxe4 Bg7 8.Be2 O-O
9.O-O Nxe4 10.Qxe4 Bf5 11.Qh4 e5 12.dxe5 Qxh4 13.Nxh4 Bxe5 14.Nxf5 gxf5 
15.Rd1 c5 16.Be3 Bxb2 17.Rab1 Bd4 18.Bxd4 cxd4 19.Rxb7 Nc6 20.Bf3 Ne5 21.
Bd5 Rab8 22.Ra7 f4 23.Re7 Ng6 24.Ra7 Ne5 25.Rxa6 Kg7 26.a4 Rb4 27.h3 d3 
28.Ra5 Rd8 29.Rb5 Rxa4 30.Be4 Kf6 31.Rb6+ Kg7 32.Rb5 1/2-1/2

[Event "55th World U20 ch"]
[Site "Bhubaneswar IND"]
[Date "2016.08.10"]
[Round "3.16"]
[White "Karthik, Venkataraman"]
[Black "Gagare, Shardul"]
[Result "0-1"]
[WhiteElo "2305"]
[BlackElo "2486"]
[EventDate "2016.08.08"]
[PlyCount "96"]

1.d4 Nf6 2.c4 e6 3.Nc3 Bb4 4.Nf3 O-O 5.Bg5 c5 6.Rc1 h6 7.Bh4 cxd4 8.Nxd4 
Nc6 9.e3 Be7 10.Be2 Qb6 11.O-O Qxb2 12.Ndb5 Qb4 13.Bg3 Ne8 14.h3 Qa5 15.
Bf3 Bf6 16.Ne4 Be5 17.Bxe5 Nxe5 18.Be2 b6 19.Ned6 Ba6 20.f4 Nxd6 21.Nxd6 
Nc6 22.f5 Qe5 23.Qd2 Na5 24.Bf3 Rab8 25.Rfd1 Bb7 26.Qf2 Bc6 27.Rd4 Nb7 28.
Rcd1 Nxd6 29.Rxd6 Ba4 30.R1d4 Qxf5 31.Qg3 Rbc8 32.c5 Bc6 33.cxb6 axb6 34.
Bxc6 dxc6 35.Rg4 Qf6 36.e4 g6 37.e5 Qe7 38.Qd3 Rfd8 39.Rgd4 Rxd6 40.exd6 
Qd7 41.Qd2 h5 42.Qg5 c5 43.Rd1 c4 44.Qe7 Rd8 45.Qf6 Qc8 46.Kh2 c3 47.Rd3 
c2 48.Rc3 Qd7 0-1

[Event "55th World U20 ch"]
[Site "Bhubaneswar IND"]
[Date "2016.08.10"]
[Round "3.17"]
[White "Lorparizangeneh, Shahin"]
[Black "Krishna Teja, N."]
[Result "1-0"]
[WhiteElo "2478"]
[BlackElo "2282"]
[EventDate "2016.08.08"]
[PlyCount "121"]

1.Nf3 c5 2.c4 Nc6 3.Nc3 g6 4.g3 Bg7 5.Bg2 d6 6.O-O Nf6 7.d4 cxd4 8.Nxd4 
Bd7 9.b3 Nxd4 10.Qxd4 Bc6 11.Bb2 O-O 12.Nd5 Ne8 13.Qd2 Bxb2 14.Qxb2 Nc7 
15.e4 e5 16.f4 Bxd5 17.exd5 exf4 18.Rxf4 f5 19.Raf1 Qe7 20.Qf2 b6 21.b4 
Rae8 22.Rd1 Na6 23.a3 Qe3 24.Rf3 Qxf2+ 25.Kxf2 Nb8 26.c5 bxc5 27.bxc5 dxc5
28.Rb3 Rd8 29.d6 Rf6 30.Rb7 Nd7 31.Rxa7 Ne5 32.d7 Ng4+ 33.Kg1 Rff8 34.Rc7 
Nf6 35.a4 Kf7 36.a5 Ke6 37.a6 Ne4 38.a7 Ra8 39.Bf1 Nc3 40.Bc4+ Ke5 41.
Rxc5+ Kf6 42.Ra1 Rfd8 43.Rc8 Ke7 44.Rxd8 Kxd8 45.Ra3 Kxd7 46.Rxc3 Rxa7 47.
Re3 Kd6 48.Kf2 Re7 49.Ra3 Rc7 50.Bd3 Ke5 51.Ke3 Rd7 52.Ra6 Rc7 53.h4 Rc1 
54.Ra7 h6 55.Ra6 Rg1 56.Kf2 Rd1 57.Ke2 Rh1 58.Kf3 Rd1 59.Bc4 Rd6 60.Rxd6 
Kxd6 61.Kf4 1-0

[Event "55th World U20 ch"]
[Site "Bhubaneswar IND"]
[Date "2016.08.10"]
[Round "3.18"]
[White "Dhulipalla, Bala Chandra Prasad"]
[Black "Praggnanandhaa, R."]
[Result "0-1"]
[WhiteElo "2276"]
[BlackElo "2429"]
[EventDate "2016.08.08"]
[PlyCount "90"]

1.Nf3 Nf6 2.g3 g6 3.Bg2 Bg7 4.O-O O-O 5.d3 c5 6.e4 d6 7.Re1 Nc6 8.c3 Ne8 
9.Be3 Nc7 10.d4 cxd4 11.cxd4 Bg4 12.Qd2 d5 13.e5 f6 14.exf6 Bxf6 15.Ne5 
Bxe5 16.dxe5 Bf3 17.Bh6 Bxg2 18.Bxf8 Be4 19.Rxe4 dxe4 20.Bh6 Nd4 21.Kg2 e3
22.Bxe3 Qd5+ 23.Kh3 Qe6+ 24.g4 Nf3 25.Qd1 Nxe5 26.Nc3 h5 27.Qb3 Nc4 28.Rg1
Kh7 29.Qxb7 Nxe3 30.fxe3 Qxe3+ 31.Rg3 hxg4+ 32.Kxg4 Qe6+ 33.Kf3 Rf8+ 34.
Kg2 Qe1 35.Rf3 Qd2+ 36.Kg3 Qg5+ 37.Kf2 Qc5+ 38.Kg2 Rd8 39.Ne4 Qe5 40.Rf7+ 
Kg8 41.Rf1 Nd5 42.Re1 Rb8 43.Qc6 Rxb2+ 44.Nf2 Nf4+ 45.Kf1 Rxf2+ 0-1

[Event "55th World U20 ch"]
[Site "Bhubaneswar IND"]
[Date "2016.08.10"]
[Round "3.19"]
[White "Menezes, Christoph"]
[Black "Ivic, Velimir"]
[Result "1-0"]
[WhiteElo "2408"]
[BlackElo "2270"]
[EventDate "2016.08.08"]
[PlyCount "59"]

1.d4 Nf6 2.c4 g6 3.Nc3 Bg7 4.e4 d6 5.Nf3 O-O 6.h3 e5 7.d5 Nh5 8.g3 f5 9.
exf5 gxf5 10.Nh4 Nf4 11.Qc2 Qe7 12.Bd2 a5 13.O-O-O Na6 14.Re1 Nb4 15.Qb1 
Ng6 16.Nxg6 hxg6 17.h4 Bd7 18.h5 gxh5 19.Rxh5 a4 20.g4 Qf6 21.Be2 e4 22.
gxf5 Bxf5 23.Nxe4 Nxa2+ 24.Kd1 Qd4 25.Rxf5 Rxf5 26.Bg4 Rf4 27.Ng5 Rxg4 28.
Qh7+ Kf8 29.Ne6+ Kf7 30.Nxd4 1-0

[Event "55th World U20 ch"]
[Site "Bhubaneswar IND"]
[Date "2016.08.10"]
[Round "3.20"]
[White "Ranjan Sahoo, Utkal"]
[Black "Akash, Ganesan"]
[Result "0-1"]
[WhiteElo "2266"]
[BlackElo "2400"]
[EventDate "2016.08.08"]
[PlyCount "94"]

1.d4 d6 2.c4 g6 3.Nc3 Bg7 4.g3 e5 5.Nf3 Nd7 6.Bg2 Ne7 7.O-O O-O 8.e4 exd4 
9.Nxd4 Nc6 10.Nde2 a5 11.Rb1 Nc5 12.Be3 a4 13.Nb5 Be6 14.b3 axb3 15.axb3 
Nb4 16.Bxc5 dxc5 17.Qxd8 Rfxd8 18.Nxc7 Ra2 19.Nf4 Bd7 20.Ncd5 Nxd5 21.Nxd5
Bd4 22.h3 b5 23.g4 bxc4 24.bxc4 Rc2 25.Nb6 Be6 26.Bf3 Rb8 27.Kg2 Kg7 28.
Bd1 Ra2 29.Bf3 g5 30.Kg3 Rxb6 31.Rxb6 Bxc4 32.Rd1 Bxf2+ 33.Kg2 Be3+ 34.Kh1
Be6 35.Rc6 c4 36.Rdd6 Ra1+ 37.Kg2 Rg1+ 38.Kh2 Rf1 39.Kg2 Rf2+ 40.Kg3 Ra2 
41.Bd1 Bf4+ 42.Kf3 Ra3+ 43.Kg2 Rg3+ 44.Kf2 Bxd6 45.Rxd6 Rxh3 46.Bf3 Rh2+ 
47.Bg2 Rh4 0-1

[Event "55th World U20 ch"]
[Site "Bhubaneswar IND"]
[Date "2016.08.10"]
[Round "3.21"]
[White "Sammed Jaykumar, Shete"]
[Black "Beukema, Stefan"]
[Result "1/2-1/2"]
[WhiteElo "2253"]
[BlackElo "2380"]
[EventDate "2016.08.08"]
[PlyCount "152"]

1.e4 e5 2.Nf3 Nc6 3.Bc4 Bc5 4.c3 Nf6 5.d3 a6 6.Bb3 Ba7 7.O-O d6 8.Be3 h6 
9.Nbd2 Ne7 10.Bxa7 Rxa7 11.Nh4 c5 12.f4 b5 13.Qf3 O-O 14.Rae1 Nc6 15.Nf5 
Bxf5 16.exf5 Qb6 17.Kh1 exf4 18.Qxf4 d5 19.Nf3 a5 20.d4 cxd4 21.cxd4 Nb4 
22.Ne5 a4 23.Bd1 Nxa2 24.g4 Ne4 25.Bf3 a3 26.Bxe4 dxe4 27.bxa3 f6 28.Ng6 
Re8 29.d5 Nc3 30.d6 Nd5 31.Rxe4 Raa8 32.Qf3 Qxd6 33.Rd1 Kh7 34.Rxe8 Rxe8 
35.Rxd5 Qc6 36.Kg2 Qc2+ 37.Kg3 Re1 38.Kh3 Re2 39.Rd8 Rxh2+ 40.Kg3 Qc7+ 41.
Qf4 Qxd8 42.Kxh2 Qe8 43.Qf3 Qc8 44.Kg3 Qc5 45.Nf4 b4 46.a4 Qc2 47.Ne6 Qb2 
48.Kh3 Qe5 49.a5 Qb5 50.Kh4 Qb8 51.Qg3 Qb7 52.a6 Qh1+ 53.Qh3 Qe1+ 54.Qg3 
Qh1+ 55.Qh3 Qe1+ 56.Kh5 Qa1 57.Qh2 Qc3 58.a7 Qa3 59.Nxg7 Qxa7 60.Ne6 b3 
61.Kh4 Qb7 62.Nc5 Qb6 63.Nd3 Qc6 64.Qe2 Qc7 65.Kh3 Kg7 66.Kg2 Qc2 67.Kf2 
h5 68.gxh5 Kh6 69.Ke3 Qxe2+ 70.Kxe2 Kxh5 71.Kf3 Kg5 72.Ke4 Kg4 73.Nb2 Kg5 
74.Nc4 Kg4 75.Ne3+ Kg5 76.Nd1 Kg4 1/2-1/2

[Event "55th World U20 ch"]
[Site "Bhubaneswar IND"]
[Date "2016.08.10"]
[Round "3.22"]
[White "Srijit, Paul"]
[Black "Pirverdiev, Agil"]
[Result "1-0"]
[WhiteElo "2217"]
[BlackElo "2364"]
[EventDate "2016.08.08"]
[PlyCount "71"]

1.e4 c5 2.Nf3 d6 3.d4 cxd4 4.Nxd4 Nf6 5.Nc3 a6 6.Be3 e6 7.Be2 Be7 8.O-O 
O-O 9.f4 Qc7 10.Kh1 Nc6 11.Qe1 Bd7 12.Qg3 b5 13.Bd3 Nxd4 14.Bxd4 b4 15.e5 
Nh5 16.Qh3 g6 17.Ne4 f5 18.exd6 Bxd6 19.Nxd6 Qxd6 20.Qe3 Rfc8 21.Rad1 Bc6 
22.Be2 Kf7 23.Qh3 Bb5 24.Bxh5 Bxf1 25.Bf3 h5 26.Be5 Qe7 27.Bxa8 Be2 28.Re1
Bg4 29.Qe3 Rxa8 30.h3 Rc8 31.c3 g5 32.fxg5 f4 33.Qxf4+ Bf5 34.g4 hxg4 35.
hxg4 Qb7+ 36.Kg1 1-0

[Event "55th World U20 ch"]
[Site "Bhubaneswar IND"]
[Date "2016.08.10"]
[Round "3.23"]
[White "Tran Minh Thang"]
[Black "Barath Kalyan, M."]
[Result "0-1"]
[WhiteElo "2353"]
[BlackElo "2197"]
[EventDate "2016.08.08"]
[PlyCount "70"]

1.d4 Nf6 2.c4 e6 3.Nf3 Bb4+ 4.Bd2 Qe7 5.g3 b6 6.Bg2 Bb7 7.O-O Bxd2 8.Nbxd2
O-O 9.Qc2 d6 10.e4 e5 11.d5 a5 12.b3 Nbd7 13.a3 Ra7 14.Rfd1 Rfa8 15.Ne1 
Nc5 16.Qc3 c6 17.b4 Na4 18.Qc2 axb4 19.axb4 cxd5 20.cxd5 Rc8 21.Qd3 Ba6 
22.b5 Nb2 23.Qb3 Nxd1 24.Rxd1 Bb7 25.Nd3 Nd7 26.Nc4 Rca8 27.Nb4 Nc5 28.Qb2
Qc7 29.Rc1 Ra4 30.Bf1 Nxe4 31.Nxe5 Rxb4 32.Qxb4 Qxc1 33.Nd3 Qd1 34.Qxe4 
Bxd5 35.Qxd5 Ra1 0-1

[Event "55th World U20 ch"]
[Site "Bhubaneswar IND"]
[Date "2016.08.10"]
[Round "3.24"]
[White "Evangelista, Paul Robert"]
[Black "Gheorghiu, Calin"]
[Result "1-0"]
[WhiteElo "2020"]
[BlackElo "2343"]
[EventDate "2016.08.08"]
[PlyCount "67"]

1.e4 e6 2.d3 d5 3.Nd2 c5 4.Ngf3 Nc6 5.g3 Bd6 6.Bg2 Nge7 7.Nh4 g5 8.Nhf3 h6
9.c3 Qc7 10.O-O Bd7 11.d4 cxd4 12.Nxd4 Nxd4 13.cxd4 Qb6 14.exd5 exd5 15.
Nb1 O-O-O 16.Nc3 Kb8 17.Be3 f5 18.f4 g4 19.Nxd5 Nxd5 20.Bxd5 Rhe8 21.Bf2 
Bb5 22.Re1 Bxf4 23.Bf7 Rxe1+ 24.Qxe1 Bd6 25.d5 Qa6 26.a4 Bd3 27.b4 Qc4 28.
Qe3 b6 29.a5 Qa6 30.Qd4 Bc7 31.axb6 Bxb6 32.Qf4+ Bc7 33.Rxa6 Bxf4 34.Ra3 
1-0

[Event "55th World U20 ch"]
[Site "Bhubaneswar IND"]
[Date "2016.08.10"]
[Round "3.25"]
[White "Nyamdorj, Davaaochir"]
[Black "Viennot, Dylan"]
[Result "0-1"]
[WhiteElo "2015"]
[BlackElo "2342"]
[EventDate "2016.08.08"]
[PlyCount "88"]

1.e4 e6 2.d4 d5 3.Nc3 Nf6 4.e5 Nfd7 5.Nce2 c5 6.c3 Nc6 7.Nf3 cxd4 8.cxd4 
f6 9.Nf4 Bb4+ 10.Bd2 Qe7 11.exf6 Nxf6 12.Bd3 Ne4 13.Bxe4 dxe4 14.Ne5 Nxe5 
15.dxe5 O-O 16.O-O Bxd2 17.Qxd2 Qg5 18.g3 Qxe5 19.Rfe1 b6 20.Rad1 g5 21.
Nh3 h6 22.f4 Qc5+ 23.Kg2 Bb7 24.Qe3 Rad8 25.Qxc5 bxc5 26.Rxd8 Rxd8 27.fxg5
Rd2+ 28.Kg1 hxg5 29.Nxg5 Rxb2 30.Nxe6 c4 31.Re3 Rxa2 32.Nc5 Bc6 33.h4 a5 
34.Kf1 a4 35.Ke1 Bd5 36.Kd1 a3 37.Nxe4 Bxe4 38.Rxe4 Rg2 39.Re8+ Kf7 40.Ra8
a2 41.Kc1 c3 42.Ra7+ Kg6 43.h5+ Kxh5 44.g4+ Kxg4 0-1

[Event "55th World U20 ch"]
[Site "Bhubaneswar IND"]
[Date "2016.08.10"]
[Round "3.27"]
[White "Seppala, Joni"]
[Black "Grandadam, Patrik"]
[Result "0-1"]
[WhiteElo "1765"]
[BlackElo "2325"]
[EventDate "2016.08.08"]
[PlyCount "56"]

1.d4 d5 2.c4 e6 3.Nf3 Nf6 4.Nc3 Bb4 5.Bg5 Nbd7 6.e3 c5 7.cxd5 exd5 8.dxc5 
Qa5 9.Rc1 Qxa2 10.Qc2 Ne4 11.Bb5 Qa5 12.O-O Bxc3 13.Bxd7+ Bxd7 14.bxc3 
Nxg5 15.Nxg5 h6 16.Nf3 Qxc5 17.Rfd1 O-O 18.c4 Bc6 19.Qf5 g6 20.Qe5 Rfe8 
21.cxd5 Qxc1 22.Rxc1 Rxe5 23.Nxe5 Bxd5 24.Rc7 a5 25.Nd7 Bc6 26.Ne5 a4 27.
Nxf7 a3 28.Nxh6+ Kh8 0-1

[Event "55th World U20 ch"]
[Site "Bhubaneswar IND"]
[Date "2016.08.10"]
[Round "3.28"]
[White "Salles, Louis"]
[Black "Studer, Noel"]
[Result "0-1"]
[WhiteElo "2235"]
[BlackElo "2477"]
[EventDate "2016.08.08"]
[PlyCount "110"]

1.e4 e6 2.d3 d5 3.Qe2 Be7 4.Nf3 c5 5.g3 Nc6 6.Bg2 Nf6 7.O-O h6 8.Re1 b6 9.
exd5 exd5 10.c4 O-O 11.Nc3 Be6 12.Ne5 Nxe5 13.Qxe5 Bd6 14.Qe2 Bg4 15.Qc2 
dxc4 16.dxc4 Rc8 17.b3 Nd7 18.h3 Be6 19.Bb2 Be5 20.Rad1 Qf6 21.f4 Bd4+ 22.
Kh2 h5 23.Ne4 Qf5 24.Bxd4 cxd4 25.Qf2 Rcd8 26.Rxd4 Nc5 27.Nxc5 Qxc5 28.
Red1 Rc8 29.Qf3 g6 30.Qd3 Rfe8 31.Be4 Qa5 32.Rd2 Kg7 33.Rd6 Qc5 34.Qc3+ 
Kg8 35.Bg2 b5 36.Qd4 bxc4 37.bxc4 Bxc4 38.a3 Qxd4 39.R6xd4 Be6 40.R2d3 Rc2
41.Rd8 Rxd8 42.Rxd8+ Kg7 43.Rd4 Ra2 44.a4 Bb3 45.g4 h4 46.Kg1 Rxa4 47.Rd7 
Be6 48.Rc7 a5 49.Ra7 Ra1+ 50.Kf2 Ra2+ 51.Kg1 a4 52.f5 gxf5 53.gxf5 Bb3 54.
Bc6 a3 55.Ba4 Bd5 0-1

[Event "55th World U20 ch"]
[Site "Bhubaneswar IND"]
[Date "2016.08.10"]
[Round "3.29"]
[White "Basso, Pierluigi"]
[Black "Shailesh, Dravid"]
[Result "0-1"]
[WhiteElo "2455"]
[BlackElo "2224"]
[EventDate "2016.08.08"]
[PlyCount "86"]

1.d4 Nf6 2.Nf3 g6 3.g3 Bg7 4.Bg2 O-O 5.O-O d6 6.b3 a5 7.a3 c6 8.Bb2 d5 9.
c4 Bf5 10.Nbd2 Ne4 11.Re1 Qb6 12.e3 Nd7 13.h3 Nxd2 14.Nxd2 Nf6 15.g4 Be6 
16.Rc1 Rfd8 17.c5 Qc7 18.a4 h5 19.g5 Nd7 20.Nf3 Nb8 21.Nh4 Qd7 22.Kh2 Bf5 
23.Nxf5 Qxf5 24.f4 Qd7 25.Rf1 Qc7 26.Kh1 e6 27.Bf3 Nd7 28.Qd2 b6 29.cxb6 
Qxb6 30.Qc2 Rab8 31.Bd1 Rdc8 32.Ba3 Bf8 33.Bxf8 Kxf8 34.f5 exf5 35.Bxh5 
Qxb3 36.Qf2 Qd3 37.Bf3 Kg7 38.Rcd1 Qa3 39.Rd2 Rh8 40.h4 Qe7 41.Rg1 Nb6 42.
h5 Nc4 43.h6+ Kh7 0-1

[Event "55th World U20 ch"]
[Site "Bhubaneswar IND"]
[Date "2016.08.10"]
[Round "3.30"]
[White "Martins, David Pires Tavares"]
[Black "Taalaibekov, Tagir"]
[Result "1/2-1/2"]
[WhiteElo "2402"]
[BlackElo "2182"]
[EventDate "2016.08.08"]
[PlyCount "92"]

1.c4 e5 2.Nc3 Nc6 3.Nf3 Nf6 4.g3 Bc5 5.Bg2 d6 6.d3 O-O 7.O-O a5 8.b3 h6 9.
Bb2 Bf5 10.e3 Re8 11.d4 Ba7 12.dxe5 dxe5 13.Qxd8 Raxd8 14.Nb5 Bb8 15.Rfd1 
Rxd1+ 16.Rxd1 a4 17.bxa4 Ne4 18.h3 f6 19.Nh4 Bh7 20.Nc3 Nxc3 21.Bxc3 Bc2 
22.Rd2 Bxa4 23.Bd5+ Kh7 24.Be4+ Kh8 25.Ng6+ Kg8 26.Bd5+ Kh7 27.Be4 Kg8 28.
h4 Ba7 29.Bd5+ Kh7 30.Be4 Kg8 31.Rb2 Bb6 32.Bd5+ Kh7 33.Be4 Kg8 34.h5 Rd8 
35.Kf1 Rd1+ 36.Ke2 Rd8 37.Bd5+ Kh7 38.Bd2 Re8 39.Be4 Kg8 40.g4 Ra8 41.Bd5+
Kh7 42.Nh4 Rb8 43.Be4+ Kg8 44.Nf5 Bc5 45.Bc3 b6 46.Rd2 Ne7 1/2-1/2